000 00764nam a2200265Ia 4500
001 21832
005 20260320113316.0
008 260320s9999||||xx |||||||||||||| ||und||
020 _a9786125126559
041 _aESP
082 _aRT 912.854
_bZ55
100 _aZeballos Velarde, Carlos,
_eAUT
245 0 _aAtlas ambiental de Arequipa
_b
246 _a
_5
_b
250 _aSegunda edición
260 _aArequipa :
_bUniversidad Católica de Santa María
_c2024
300 _a326 páginas :
_bilustraciones, mapas, cuadros ;
_c34 cm.
_e
440 _a
_n
_v
650 _aGEH
653 _aAtlas
654 _aCHU
700 _a
_c
856 _uhttps://www-jstor-org.ucsp.lookproxy.com/
_zVéase además: Base de datos JSTOR
942 _cLIB
_dJUS
_fMIP
_2ddc
_n
999 _c21832
_d21832